Untersuchungen zu Manetho und den agyptischen Konigslisten /

محفوظ في:

المؤلف الرئيسي: Helck, Wolfgang, 1914-1993 (مؤلف)

التنسيق: كتاب

اللغة: German

منشور في: Berlin : Akademie-Verlag, 1956.

سلاسل: Untersuchungen zur Geschichte und Altertumskunde Aegyptens ; 18.
UGAA ; 18.

الموضوعات:

الوسوم: إضافة وسم

لا توجد وسوم, كن أول من يضع وسما على هذه التسجيلة!

رقم الطلب: DT57 .U6 v.18

LEADER 01017namaa2200289 4500
001 16544
003 OSt
005 20220117062234.0
008 130303s1956 gw g 000 0 ger d
952 |0 0  |1 0  |2 lcc  |3 V.18  |4 0  |6 DT0057 U6 V.00018  |7 1  |9 24346  |a ARCE  |b ARCE  |d 2022-01-17  |l 0  |o DT57 .U6 v.18  |p 1025180  |r 2022-01-17 00:00:00  |w 2022-01-17  |y BK 
999 |c 14288  |d 14288 
010 |a 57030316 
040 |c ARCE Library 
043 |a f-ua--- 
050 4 |a DT57 .U6 v.18 
100 1 |a Helck, Wolfgang,  |d 1914-1993,  |e author 
245 1 0 |a Untersuchungen zu Manetho und den agyptischen Konigslisten /   |c [Wolfgang Helck]. 
264 1 |a Berlin :   |b Akademie-Verlag,   |c 1956. 
300 |a 91 pages ;   |c 31 cm. 
490 1 |a Untersuchungen zur Geschichte und Altertumskunde Aegyptens ;   |v 18. 
490 1 |a UGAA ;   |v 18. 
600 0 0 |a Manetho.  |9 35293 
651 0 |a Egypt   |x Kings and rulers. 
830 0 |a Untersuchungen zur Geschichte und Altertumskunde Aegyptens ;   |v 18. 
830 0 |a UGAA ;   |v 18. 
901 |a reviewed 
942 |c BK  |2 lcc